000 00716nam a22002297a 4500
999 _c20330
_d20330
003 AR-CdUCM
008 190312b ||||| |||| 00| 0 spa d
040 _aMUNICIPALIDAD PROVINCIAL DEL CUSCO
_cBIBLIOTECA MUNICIPAL DEL CUSCO
041 _heng
082 _a818.5 /
_bST87
100 _aStone, Irving,
_915954
245 _aRaquel jackson :
_bUn gran corazón /
260 _aMéxico :
_bGandesa,
_c1952.
300 _a399 paginas ;
_c23 cm.
505 _aContenido : Novela -- La vida de Raquel y Andrés Jackson.
650 _aNovela Española
_96059
650 _aNovela biográfica
_912024
650 _aLiteratura
_983
700 _aMartinez Sierra, Maria
_942172
942 _2ddc
_cLIBROS
945 _arcc